000 01306cam a22003134a 4500
999 _c4533
_d4533
001 14600017
005 20170922121336.0
008 061018r20061989nyu 001 0 eng
010 _a 2006283925
020 _a0812976088
040 _aDLC
_cDLC
_dDLC
050 0 0 _aGF75
_b.M38 2006
082 0 0 _a304.2/8
_222
100 1 _aMcKibben, Bill.
_936158
245 1 4 _aThe end of nature /
_cBill McKibben.
250 _aRandom House trade pbk. ed.
260 _aNew York :
_bRandom House Trade Paperbacks,
_c2006.
300 _axxiv, 195 p. ;
_c21 cm.
500 _aOriginally published: New York : Random House, 1989. With new introd.
500 _aIncludes index.
650 0 _aNature
_xEffect of human beings on.
_936040
650 0 _aGreenhouse effect, Atmospheric.
_936159
650 0 _aEnvironmental protection.
_923537
856 4 2 _3Contributor biographical information
_uhttp://www.loc.gov/catdir/enhancements/fy0704/2006283925-b.html
856 4 2 _3Publisher description
_uhttp://www.loc.gov/catdir/enhancements/fy0704/2006283925-d.html
856 4 1 _3Sample text
_uhttp://www.loc.gov/catdir/enhancements/fy0704/2006283925-s.html
906 _a7
_bcbc
_corigcop
_d2
_encip
_f20
_gy-gencatlg
942 _2lcc
_cMONOGRAPH